| 000 | 00554cam a22001691a 4500 | ||
|---|---|---|---|
| 020 | _a0041640012 | ||
| 082 |
_a192 _bRUS _cD |
||
| 100 | 1 |
_aRussell, Bertrand, _937020 |
|
| 245 | 1 | 0 |
_aLogic and knowledge : _bessays, 1901-1950 / _cBertrand Russell ; edited by Robert Charles Marsh. |
| 260 |
_aLondon : _bRoutledge ; _aNew York : _bMacmillan, _c1985. |
||
| 300 |
_axi, 382 p. ; _c23 cm. |
||
| 526 |
_a0 _b0 _c0 _d192_000000000000000_RUS |
||
| 650 | 0 |
_aLogic, Symbolic and mathematical. _936546 |
|
| 650 | 0 |
_aMCE _9379 |
|
| 650 | 0 | _aPhilosophy. | |
| 942 |
_2ddc _cBK |
||
| 999 |
_c542080 _d542080 |
||